| 000 | 00480nam a2200097Ia 4500 | ||
|---|---|---|---|
| 008 | 180130s9999 xx 000 0 und d | ||
| 245 |
_cLucio, Miguel Martinez; Mustchin, Stephen _aTraining and workplace skills in the context of globalization: new directions and discourses in skills |
||
| 260 | _c2014 | ||
| 300 | _aBook title: International human resource management : an employment relations perspective--Acession number C18843; pages 118-136 | ||
| 650 | _aHUMAN RESOURCE MANAGEMENT | ||
| 999 |
_c353684 _d353684 |
||